[Event "World Chess Olympiad 2018"]
[Site "Batumi"]
[Date "2018.09.30"]
[Round "6"]
[Board "3"]
[WhiteFideId "13601270"]
[White "Shengelia David"]
[BlackFideId "908630"]
[Black "Makolli Perparim"]
[Result "0-1"]
[LiveChessVersion "1.4.8"]
[BlackElo "2284"]
[WhiteElo "2512"]

1. d4 {[%clk 1:30:50]} Nf6 {[%clk 1:30:09]} 2. c4 {[%clk 1:31:06]} e6
{[%clk 1:30:21]} 3. Nc3 {[%clk 1:31:27]} d5 {[%clk 1:29:25]} 4. Nf3
{[%clk 1:29:24]} Be7 {[%clk 1:28:28]} 5. Bg5 {[%clk 1:26:17]} Nbd7
{[%clk 1:27:18]} 6. e3 {[%clk 1:26:22]} O-O {[%clk 1:26:12]} 7. Qb3
{[%clk 1:24:05]} c6 {[%clk 1:22:18]} 8. Rd1 {[%clk 1:23:44]} Nh5 {[%clk 1:11:18]}
9. Bxe7 {[%clk 1:13:46]} Qxe7 {[%clk 1:10:37]} 10. g4 {[%clk 1:12:20]} Nhf6
{[%clk 1:10:23]} 11. Rg1 {[%clk 1:11:41]} dxc4 {[%clk 0:57:36]} 12. Bxc4
{[%clk 1:05:39]} Nd5 {[%clk 0:54:16]} 13. g5 {[%clk 1:03:41]} N5b6
{[%clk 0:49:41]} 14. Be2 {[%clk 0:53:01]} c5 {[%clk 0:40:26]} 15. Qa3
{[%clk 0:50:25]} Nd5 {[%clk 0:27:20]} 16. Nxd5 {[%clk 0:40:37]} exd5
{[%clk 0:27:25]} 17. Bb5 {[%clk 0:34:32]} Qe4 {[%clk 0:21:59]} 18. Rg3
{[%clk 0:29:38]} c4 {[%clk 0:20:10]} 19. Qd6 {[%clk 0:16:34]} Nb6
{[%clk 0:18:24]} 20. Ne5 {[%clk 0:16:39]} Qc2 {[%clk 0:13:50]} 21. a4
{[%clk 0:12:11]} Qxb2 22. Rf3 {[%clk 0:11:22]} Qc3+ {[%clk 0:10:08]} 23. Kf1
{[%clk 0:07:55]} Be6 {[%clk 0:08:40]} 24. g6 {[%clk 0:06:16]} Qc2
{[%clk 0:08:32]} 25. gxh7+ {[%clk 0:03:21]} Kxh7 {[%clk 0:07:29]} 26. Re1
{[%clk 0:02:19]} Kg8 {[%clk 0:05:07]} 27. Qe7 {[%clk 0:01:56]} a6
{[%clk 0:04:16]} 28. Rg3 {[%clk 0:01:02]} axb5 {[%clk 0:02:18]} 29. e4
{[%clk 0:01:25]} Qd2 {[%clk 0:02:09]} 30. Qf6 {[%clk 0:01:36]} Bh3+
{[%clk 0:02:24]} 0-1

[Event "World Chess Olympiad 2018"]
[Site "Batumi"]
[Date "2018.09.30"]
[Round "6"]
[Board "4"]
[WhiteFideId "22100199"]
[White "Uruci Endrit"]
[BlackFideId "1621645"]
[Black "Schreiner Peter"]
[Result "0-1"]
[LiveChessVersion "1.4.8"]
[BlackElo "2463"]
[WhiteElo "2157"]

1. e4 {[%clk 1:30:52]} e5 {[%clk 1:30:55]} 2. Nf3 {[%clk 1:31:09]} Nc6
{[%clk 1:31:18]} 3. Bb5 {[%clk 1:31:14]} a6 {[%clk 1:31:18]} 4. Ba4
{[%clk 1:31:00]} Nf6 {[%clk 1:31:40]} 5. d3 {[%clk 1:31:15]} d6 {[%clk 1:31:46]}
6. c3 {[%clk 1:30:57]} g6 {[%clk 1:30:37]} 7. O-O {[%clk 1:29:50]} Bg7
{[%clk 1:31:02]} 8. Re1 {[%clk 1:29:31]} O-O {[%clk 1:31:22]} 9. Nbd2
{[%clk 1:28:55]} Re8 {[%clk 1:24:55]} 10. Nf1 {[%clk 1:27:04]} b5
{[%clk 1:20:55]} 11. Bc2 {[%clk 1:23:48]} Bb7 {[%clk 1:17:13]} 12. Bg5
{[%clk 1:21:54]} h6 {[%clk 1:16:15]} 13. Bxf6 {[%clk 1:19:54]} Bxf6
{[%clk 1:10:11]} 14. Ne3 {[%clk 1:20:07]} h5 {[%clk 1:07:07]} 15. a4
{[%clk 1:15:20]} Ne7 {[%clk 1:04:04]} 16. d4 {[%clk 1:14:15]} exd4
{[%clk 1:01:10]} 17. cxd4 {[%clk 1:09:44]} c5 {[%clk 1:00:10]} 18. axb5
{[%clk 0:52:37]} axb5 {[%clk 0:55:49]} 19. Qd3 {[%clk 0:41:55]} Qb6
{[%clk 0:27:44]} 20. Rad1 {[%clk 0:36:05]} Rad8 {[%clk 0:25:12]} 21. b3
{[%clk 0:27:23]} cxd4 {[%clk 0:20:17]} 22. Nxd4 {[%clk 0:26:14]} d5
{[%clk 0:20:24]} 23. exd5 {[%clk 0:21:11]} Nxd5 {[%clk 0:19:02]} 24. Nxd5
{[%clk 0:20:18]} Rxe1+ {[%clk 0:17:58]} 25. Rxe1 {[%clk 0:20:35]} Rxd5
{[%clk 0:17:33]} 26. Re8+ {[%clk 0:20:43]} Kg7 {[%clk 0:13:57]} 27. Ne6+
{[%clk 0:18:26]} Qxe6 {[%clk 0:13:55]} 28. Rxe6 {[%clk 0:16:59]} Rxd3
{[%clk 0:14:18]} 29. Bxd3 {[%clk 0:16:13]} fxe6 {[%clk 0:14:41]} 30. Bxb5
{[%clk 0:16:40]} Bd5 {[%clk 0:13:52]} 31. Ba4 {[%clk 0:16:43]} Be7
{[%clk 0:13:45]} 32. g3 {[%clk 0:15:30]} g5 {[%clk 0:12:51]} 33. Kf1
{[%clk 0:15:13]} Bf3 {[%clk 0:12:56]} 34. Bb5 {[%clk 0:15:12]} Kf6
{[%clk 0:12:51]} 35. Bc4 {[%clk 0:15:18]} Bb4 {[%clk 0:09:51]} 36. h3
{[%clk 0:15:13]} h4 {[%clk 0:08:34]} 37. gxh4 {[%clk 0:14:43]} gxh4
{[%clk 0:09:02]} 38. Bd3 {[%clk 0:13:52]} Ke5 {[%clk 0:08:51]} 39. Bg6
{[%clk 0:13:13]} Bd1 {[%clk 0:08:16]} 40. Kg2 {[%clk 0:43:10]} Bxb3
{[%clk 0:38:22]} 41. f3 {[%clk 0:42:59]} Bd2 {[%clk 0:36:36]} 42. Be4
{[%clk 0:42:34]} Kf4 {[%clk 0:36:26]} 43. Bg6 {[%clk 0:42:56]} Ke3
{[%clk 0:35:20]} 44. Bh5 {[%clk 0:42:55]} Ba5 {[%clk 0:35:22]} 45. Bg4
{[%clk 0:42:40]} Bc7 {[%clk 0:35:37]} 46. Kf1 {[%clk 0:42:17]} Bc4+
{[%clk 0:35:55]} 47. Kg2 {[%clk 0:42:28]} Bf4 {[%clk 0:36:01]} 48. Kg1
{[%clk 0:41:06]} Ke2 {[%clk 0:34:46]} 49. Kg2 {[%clk 0:38:13]} Ke1
{[%clk 0:35:06]} 0-1

[Event "World Chess Olympiad 2018"]
[Site "Batumi"]
[Date "2018.09.30"]
[Round "6"]
[Board "1"]
[WhiteFideId "7700768"]
[White "Johnson Joshua"]
[BlackFideId "6400361"]
[Black "Munoz Santana Jose Lisandro"]
[Result "0-1"]
[LiveChessVersion "1.4.8"]
[BlackElo "2434"]
[WhiteElo "2261"]

1. e4 {[%clk 1:30:56]} c5 {[%clk 1:30:53]} 2. Nf3 {[%clk 1:31:22]} e6
{[%clk 1:31:18]} 3. d4 {[%clk 1:31:50]} cxd4 {[%clk 1:31:41]} 4. Nxd4
{[%clk 1:32:19]} a6 {[%clk 1:32:01]} 5. Nc3 {[%clk 1:32:28]} Qc7 {[%clk 1:32:24]}
6. g3 {[%clk 1:27:02]} Bb4 {[%clk 1:30:21]} 7. Nde2 {[%clk 1:27:17]} Nf6
{[%clk 1:30:22]} 8. Bg2 {[%clk 1:27:42]} O-O {[%clk 1:28:57]} 9. O-O
{[%clk 1:18:46]} Be7 {[%clk 1:24:08]} 10. h3 {[%clk 1:08:15]} Nc6
{[%clk 1:24:26]} 11. a4 {[%clk 0:58:58]} Rb8 {[%clk 1:17:05]} 12. g4
{[%clk 0:56:03]} d6 {[%clk 1:14:07]} 13. Ng3 {[%clk 0:55:48]} b5 {[%clk 1:13:45]}
14. axb5 {[%clk 0:46:00]} axb5 {[%clk 1:14:07]} 15. Be3 {[%clk 0:46:10]} b4
{[%clk 1:06:58]} 16. Nce2 {[%clk 0:45:49]} d5 {[%clk 1:05:43]} 17. g5
{[%clk 0:35:46]} Nxe4 {[%clk 1:06:04]} 18. Nxe4 {[%clk 0:36:01]} dxe4
{[%clk 1:06:28]} 19. Ng3 {[%clk 0:34:57]} Rd8 {[%clk 0:45:44]} 20. Qh5
{[%clk 0:29:48]} Rb5 {[%clk 0:41:10]} 21. Bxe4 {[%clk 0:11:25]} f5
{[%clk 0:41:02]} 22. gxf6 {[%clk 0:06:50]} Rxh5 {[%clk 0:41:22]} 23. fxe7
{[%clk 0:07:18]} Nxe7 {[%clk 0:38:08]} 24. Nxh5 {[%clk 0:06:52]} Qe5
{[%clk 0:38:17]} 25. Ng3 {[%clk 0:06:03]} Nf5 {[%clk 0:38:41]} 26. Nxf5
{[%clk 0:03:02]} exf5 {[%clk 0:35:54]} 27. Bg2 {[%clk 0:03:23]} f4
{[%clk 0:35:56]} 28. Bb6 {[%clk 0:03:08]} Re8 {[%clk 0:32:27]} 29. c3
{[%clk 0:02:41]} bxc3 {[%clk 0:32:06]} 30. bxc3 {[%clk 0:03:10]} Qg5
{[%clk 0:25:16]} 31. Kh2 {[%clk 0:01:28]} f3 {[%clk 0:24:16]} 32. Bxf3
{[%clk 0:00:35]} Qf4+ {[%clk 0:24:38]} 33. Kg2 {[%clk 0:01:02]} Bxh3+
{[%clk 0:24:59]} 34. Kxh3 {[%clk 0:01:28]} Qxf3+ {[%clk 0:25:22]} 35. Kh2
{[%clk 0:01:53]} Re5 {[%clk 0:25:15]} 36. Ra5 {[%clk 0:01:51]} Rxa5
{[%clk 0:24:14]} 37. Bxa5 {[%clk 0:02:19]} Qh5+ {[%clk 0:25:07]} 0-1

[Event "World Chess Olympiad 2018"]
[Site "Batumi"]
[Date "2018.09.30"]
[Round "6"]
[Board "2"]
[WhiteFideId "6405525"]
[White "Abreu Jean Carlos Paul"]
[BlackFideId "7700156"]
[Black "Harper Ryan"]
[Result "1-0"]
[LiveChessVersion "1.4.8"]
[BlackElo "2226"]
[WhiteElo "2310"]

1. d4 {[%clk 1:30:54]} Nf6 {[%clk 1:30:54]} 2. c4 {[%clk 1:31:14]} e6
{[%clk 1:31:19]} 3. Nc3 {[%clk 1:31:19]} Bb4 {[%clk 1:31:39]} 4. e3
{[%clk 1:31:09]} O-O {[%clk 1:31:51]} 5. Bd3 {[%clk 1:31:15]} c5 {[%clk 1:32:11]}
6. Nge2 {[%clk 1:30:50]} d5 {[%clk 1:29:44]} 7. cxd5 {[%clk 1:30:52]} cxd4
{[%clk 1:26:51]} 8. exd4 {[%clk 1:30:19]} Nxd5 {[%clk 1:26:37]} 9. a3
{[%clk 1:29:35]} Be7 {[%clk 1:24:17]} 10. O-O {[%clk 1:29:47]} Nc6
{[%clk 1:23:14]} 11. Qc2 {[%clk 1:24:46]} h6 {[%clk 1:22:09]} 12. Rd1
{[%clk 1:23:10]} Bf6 {[%clk 1:16:51]} 13. Bc4 {[%clk 1:15:51]} Nce7
{[%clk 1:05:52]} 14. Ba2 {[%clk 1:13:55]} Re8 {[%clk 1:00:30]} 15. Bb1
{[%clk 1:05:50]} Ng6 {[%clk 1:00:46]} 16. Nxd5 {[%clk 1:00:11]} exd5
{[%clk 1:01:07]} 17. Nf4 {[%clk 0:53:18]} Nf8 {[%clk 1:01:29]} 18. Be3
{[%clk 0:51:51]} Bg4 {[%clk 1:01:04]} 19. Rf1 {[%clk 0:50:55]} g5
{[%clk 0:51:00]} 20. Nd3 {[%clk 0:50:49]} Bf5 {[%clk 0:37:24]} 21. Qd1
{[%clk 0:37:13]} b6 {[%clk 0:28:11]} 22. Qh5 {[%clk 0:34:22]} Kg7
{[%clk 0:23:09]} 23. Ne5 {[%clk 0:33:09]} Bg6 {[%clk 0:18:37]} 24. Qd1
{[%clk 0:25:44]} Bxb1 {[%clk 0:10:42]} 25. Rxb1 {[%clk 0:26:05]} Ng6
{[%clk 0:10:17]} 26. f4 {[%clk 0:26:11]} gxf4 {[%clk 0:09:59]} 27. Bxf4
{[%clk 0:26:32]} Bxe5 {[%clk 0:07:03]} 28. dxe5 {[%clk 0:23:04]} Nxf4
{[%clk 0:06:52]} 29. Rxf4 {[%clk 0:23:24]} Rxe5 {[%clk 0:06:10]} 30. Qd4
{[%clk 0:19:59]} Qe7 {[%clk 0:02:06]} 31. b4 {[%clk 0:19:48]} f6 {[%clk 0:02:15]}
32. Rbf1 {[%clk 0:19:39]} Rf8 {[%clk 0:02:23]} 33. Rg4+ {[%clk 0:18:08]} Rg5
{[%clk 0:02:03]} 34. h4 {[%clk 0:18:25]} Rxg4 {[%clk 0:02:17]} 35. Qxg4+
{[%clk 0:18:48]} Kh8 {[%clk 0:02:25]} 36. Qf4 {[%clk 0:18:46]} Kg7
{[%clk 0:01:32]} 37. Rf3 {[%clk 0:16:53]} Qe1+ {[%clk 0:01:43]} 38. Kh2
{[%clk 0:17:05]} Qe5 {[%clk 0:01:55]} 39. Rg3+ {[%clk 0:17:20]} Kf7
{[%clk 0:01:22]} 40. Qxh6 {[%clk 0:47:16]} Ke7 {[%clk 0:30:54]} 41. Qg6
{[%clk 0:37:34]} d4 {[%clk 0:26:43]} 42. Kh3 {[%clk 0:29:20]} Qe6+
{[%clk 0:26:15]} 43. Qg4 {[%clk 0:29:13]} Rd8 {[%clk 0:26:00]} 44. Rd3
{[%clk 0:28:59]} Qe5 {[%clk 0:25:34]} 45. Qf3 {[%clk 0:25:21]} Rc8
{[%clk 0:18:19]} 46. h5 {[%clk 0:11:19]} f5 {[%clk 0:11:50]} 47. Qb7+
{[%clk 0:07:47]} Rc7 {[%clk 0:11:40]} 48. Qb8 {[%clk 0:07:57]} f4
{[%clk 0:10:41]} 49. Kg4 {[%clk 0:07:40]} Kd7 {[%clk 0:02:15]} 50. Qa8
{[%clk 0:03:14]} Ke6 {[%clk 0:01:26]} 51. Qe8+ {[%clk 0:02:14]} Kd5
{[%clk 0:01:04]} 52. Qd8+ {[%clk 0:02:11]} Ke4 {[%clk 0:01:10]} 53. Rxd4+
{[%clk 0:02:27]} Ke3 {[%clk 0:00:43]} 54. Rd3+ {[%clk 0:02:34]} Ke4
{[%clk 0:01:07]} 55. Rf3 {[%clk 0:01:51]} Qf5+ {[%clk 0:00:41]} 56. Kh4
{[%clk 0:02:13]} Rd7 {[%clk 0:00:56]} 57. Qe8+ {[%clk 0:02:09]} Kd4
{[%clk 0:01:15]} 58. Qg6 {[%clk 0:01:06]} Qxg6 {[%clk 0:00:39]} 59. hxg6
{[%clk 0:01:33]} Ke5 {[%clk 0:01:07]} 60. Kg5 {[%clk 0:01:45]} Rd2
{[%clk 0:01:24]} 61. g3 {[%clk 0:01:47]} fxg3 {[%clk 0:01:35]} 62. Re3+
{[%clk 0:02:05]} Kd6 63. Rxg3 {[%clk 0:02:12]} Ke7 {[%clk 0:01:43]} 64. Rc3
{[%clk 0:01:37]} a5 {[%clk 0:00:47]} 65. bxa5 {[%clk 0:01:30]} bxa5
{[%clk 0:01:08]} 66. Kh6 {[%clk 0:01:25]} Rh2+ {[%clk 0:01:27]} 67. Kg7
{[%clk 0:01:40]} Kd6 {[%clk 0:00:58]} 68. Re3 {[%clk 0:01:41]} Rg2
{[%clk 0:01:07]} 69. Kf7 {[%clk 0:01:57]} Rf2+ {[%clk 0:01:24]} 70. Kg8
{[%clk 0:02:19]} Rg2 {[%clk 0:01:42]} 71. g7 {[%clk 0:02:38]} Rg4
{[%clk 0:01:26]} 72. Rh3 {[%clk 0:02:37]} Ke7 {[%clk 0:01:42]} 73. Kh8
{[%clk 0:02:53]} Kf7 {[%clk 0:01:18]} 74. Rf3+ {[%clk 0:03:15]} Ke7
{[%clk 0:01:30]} 75. g8=Q {[%clk 0:03:32]} Rh4+ {[%clk 0:01:56]} 76. Qh7+
{[%clk 0:03:56]} 1-0

[Event "World Chess Olympiad 2018"]
[Site "Batumi"]
[Date "2018.09.30"]
[Round "6"]
[Board "3"]
[WhiteFideId "7700750"]
[White "Winter Atwell Adrian"]
[BlackFideId "6400124"]
[Black "Dominguez Jose Manuel"]
[Result "1/2-1/2"]
[LiveChessVersion "1.4.8"]
[BlackElo "2283"]
[WhiteElo "2221"]

1. c4 {[%clk 1:30:36]} Nf6 {[%clk 1:30:42]} 2. Nc3 {[%clk 1:30:44]} d6
{[%clk 1:31:07]} 3. d4 {[%clk 1:30:21]} Nbd7 {[%clk 1:31:33]} 4. Nf3
{[%clk 1:29:56]} e5 {[%clk 1:32:01]} 5. e4 {[%clk 1:29:53]} Be7 {[%clk 1:32:24]}
6. Be2 {[%clk 1:29:28]} O-O {[%clk 1:32:46]} 7. O-O {[%clk 1:29:18]} Re8
{[%clk 1:33:11]} 8. Qc2 {[%clk 1:26:53]} c6 {[%clk 1:30:20]} 9. Rd1
{[%clk 1:25:34]} Qc7 {[%clk 1:30:48]} 10. b3 {[%clk 1:20:10]} Bf8
{[%clk 1:29:55]} 11. Bb2 {[%clk 1:15:37]} exd4 {[%clk 1:29:23]} 12. Nxd4
{[%clk 1:15:42]} Nc5 {[%clk 1:29:48]} 13. f3 {[%clk 1:14:04]} Ne6
{[%clk 1:12:42]} 14. Kh1 {[%clk 1:09:10]} Nf4 {[%clk 0:42:23]} 15. Bf1
{[%clk 1:08:14]} Qa5 {[%clk 0:42:48]} 16. Qd2 {[%clk 1:00:06]} Ne6
{[%clk 0:18:55]} 17. Nf5 {[%clk 0:52:20]} Nh5 {[%clk 0:14:03]} 18. Ne2
{[%clk 0:37:46]} Qxd2 {[%clk 0:04:03]} 19. Rxd2 {[%clk 0:37:51]} d5
{[%clk 0:03:56]} 20. cxd5 {[%clk 0:36:59]} cxd5 {[%clk 0:03:48]} 21. exd5
{[%clk 0:33:23]} Nef4 {[%clk 0:02:04]} 22. Nxf4 {[%clk 0:32:16]} Nxf4
{[%clk 0:02:32]} 23. Ng3 {[%clk 0:31:49]} Bd7 {[%clk 0:01:26]} 24. Ne4
{[%clk 0:30:11]} Rac8 {[%clk 0:00:49]} 25. a3 {[%clk 0:27:19]} a6
{[%clk 0:00:43]} 26. b4 {[%clk 0:27:20]} f5 {[%clk 0:01:09]} 27. Nf2
{[%clk 0:24:59]} Bd6 {[%clk 0:00:49]} 28. g3 {[%clk 0:24:02]} Ng6
{[%clk 0:00:44]} 29. f4 {[%clk 0:24:13]} Re3 {[%clk 0:00:58]} 30. Bd4
{[%clk 0:23:53]} Rb3 {[%clk 0:01:19]} 31. Bd3 {[%clk 0:22:33]} Ne7
{[%clk 0:00:39]} 32. Bc2 {[%clk 0:22:29]} Rxc2 {[%clk 0:00:58]} 33. Rxc2
{[%clk 0:22:29]} Nxd5 {[%clk 0:01:26]} 34. Rb2 {[%clk 0:22:01]} Rxb2
{[%clk 0:00:37]} 35. Bxb2 {[%clk 0:22:22]} Bc6 {[%clk 0:00:46]} 36. Kg1
{[%clk 0:22:35]} h6 {[%clk 0:00:51]} 37. Nd3 {[%clk 0:22:31]} g5 {[%clk 0:01:18]}
38. Ne5 {[%clk 0:21:30]} Ba4 {[%clk 0:01:47]} 39. fxg5 {[%clk 0:20:53]} hxg5
{[%clk 0:02:15]} 40. Rc1 {[%clk 0:50:36]} Bc7 {[%clk 0:32:30]} 41. Bd4
{[%clk 0:49:28]} b6 {[%clk 0:13:28]} 42. Nf3 {[%clk 0:49:01]} g4 {[%clk 0:13:52]}
43. Nh4 {[%clk 0:47:45]} f4 {[%clk 0:13:44]} 44. gxf4 {[%clk 0:47:45]} Bxf4
{[%clk 0:14:07]} 45. Rc8+ {[%clk 0:47:21]} Kf7 {[%clk 0:14:31]} 46. Ng2
{[%clk 0:47:27]} Bg5 {[%clk 0:10:41]} 47. Kf2 {[%clk 0:47:11]} Bd7
{[%clk 0:05:17]} 48. Rc2 {[%clk 0:46:56]} Ba4 {[%clk 0:05:33]} 49. Re2
{[%clk 0:46:47]} Bc1 {[%clk 0:05:55]} 50. Bb2 {[%clk 0:45:10]} Bh6
{[%clk 0:02:47]} 51. Re1 {[%clk 0:41:53]} Bd7 {[%clk 0:02:22]} 52. Re5
{[%clk 0:39:21]} Be6 {[%clk 0:02:27]} 53. Re2 {[%clk 0:38:39]} Ne7
{[%clk 0:01:52]} 54. Ne3 {[%clk 0:37:56]} Ng6 {[%clk 0:02:04]} 55. Rc2
{[%clk 0:36:45]} Bf4 {[%clk 0:01:44]} 56. Nf1 {[%clk 0:35:56]} Ne7
{[%clk 0:01:12]} 57. Bd4 {[%clk 0:35:31]} Nd5 {[%clk 0:01:02]} 58. Ng3
{[%clk 0:32:34]} Bd7 {[%clk 0:00:56]} 59. Kg1 {[%clk 0:30:45]} Kg6
{[%clk 0:00:40]} 60. Re2 {[%clk 0:29:53]} Bc1 {[%clk 0:00:44]} 61. Re5
{[%clk 0:29:07]} Nf4 {[%clk 0:00:59]} 62. Bxb6 {[%clk 0:27:48]} Bxa3
{[%clk 0:01:25]} 63. Re4 {[%clk 0:25:28]} Nh3+ {[%clk 0:00:42]} 64. Kf1
{[%clk 0:25:38]} Ng5 {[%clk 0:00:46]} 65. Rd4 {[%clk 0:24:25]} Bb5+
{[%clk 0:00:37]} 66. Kf2 {[%clk 0:24:34]} Nh3+ {[%clk 0:00:59]} 67. Ke1
{[%clk 0:24:16]} Ng5 {[%clk 0:00:36]} 68. Rxg4 {[%clk 0:24:16]} Bd7
{[%clk 0:01:01]} 69. Rf4 {[%clk 0:23:18]} Ne6 {[%clk 0:01:11]} 70. Rc4
{[%clk 0:22:30]} Ng5 {[%clk 0:00:46]} 71. h4 {[%clk 0:22:05]} Nf3+
{[%clk 0:00:57]} 72. Kf2 {[%clk 0:22:12]} Ne5 {[%clk 0:00:45]} 73. h5+
{[%clk 0:22:14]} Kf7 {[%clk 0:00:32]} 74. Re4 {[%clk 0:19:39]} Nd3+
{[%clk 0:00:54]} 75. Ke3 {[%clk 0:19:05]} Nxb4 {[%clk 0:01:19]} 76. Kd2
{[%clk 0:17:32]} Nd5 {[%clk 0:01:06]} 77. Ba5 {[%clk 0:17:21]} Bd6
{[%clk 0:01:06]} 78. Ne2 {[%clk 0:17:05]} Bf5 {[%clk 0:01:07]} 79. Rd4
{[%clk 0:16:20]} Nf6 {[%clk 0:01:33]} 80. h6 {[%clk 0:14:30]} Bf8
{[%clk 0:01:13]} 81. Rh4 {[%clk 0:14:26]} Kg6 82. Ng3 {[%clk 0:09:18]} Bxh6+
{[%clk 0:01:46]} 83. Rxh6+ {[%clk 0:08:19]} Kxh6 {[%clk 0:02:14]} 84. Nxf5+
{[%clk 0:08:42]} Kg6 {[%clk 0:02:35]} 85. Nd6 {[%clk 0:08:33]} Nd5
{[%clk 0:02:47]} 86. Kd3 {[%clk 0:08:39]} Kf6 {[%clk 0:03:14]} 87. Kc4
{[%clk 0:08:52]} Ke6 {[%clk 0:03:26]} 88. Kc5 {[%clk 0:08:57]} Nf6
{[%clk 0:03:24]} 89. Nc4 {[%clk 0:09:02]} Nd7+ {[%clk 0:03:48]} 90. Kb4
{[%clk 0:09:13]} 1/2-1/2

[Event "World Chess Olympiad 2018"]
[Site "Batumi"]
[Date "2018.09.30"]
[Round "6"]
[Board "4"]
[WhiteFideId "6408885"]
[White "Camacho Campusano David Daniel"]
[BlackFideId "7700148"]
[Black "Merritt Mario"]
[Result "0-1"]
[LiveChessVersion "1.4.8"]
[BlackElo "2175"]
[WhiteElo "2140"]

1. e4 {[%clk 1:30:53]} c5 {[%clk 1:30:56]} 2. Nf3 {[%clk 1:31:09]} d6
{[%clk 1:31:19]} 3. d4 {[%clk 1:31:17]} cxd4 {[%clk 1:31:45]} 4. Nxd4
{[%clk 1:31:33]} Nf6 {[%clk 1:32:06]} 5. Nc3 {[%clk 1:31:09]} a6 {[%clk 1:32:27]}
6. Bg5 {[%clk 1:30:44]} e6 {[%clk 1:32:38]} 7. Qd2 {[%clk 1:28:38]} h6
{[%clk 1:27:01]} 8. Bxf6 {[%clk 1:25:10]} Qxf6 {[%clk 1:27:25]} 9. O-O-O
{[%clk 1:25:31]} Nc6 {[%clk 1:26:43]} 10. Nxc6 {[%clk 1:21:41]} bxc6
{[%clk 1:27:06]} 11. Bc4 {[%clk 1:21:49]} Qg5 {[%clk 1:20:25]} 12. f4
{[%clk 1:20:46]} Qc5 {[%clk 1:20:47]} 13. Bb3 {[%clk 1:20:49]} Be7
{[%clk 1:21:00]} 14. Kb1 {[%clk 1:20:25]} Bd7 {[%clk 1:16:46]} 15. Rhe1
{[%clk 1:17:43]} a5 {[%clk 1:12:08]} 16. Na4 {[%clk 1:13:54]} Qa7
{[%clk 1:10:16]} 17. c4 {[%clk 1:11:53]} Rb8 {[%clk 1:01:29]} 18. g4
{[%clk 1:02:02]} Rb4 {[%clk 0:57:01]} 19. Qd3 {[%clk 0:44:06]} c5
{[%clk 0:42:08]} 20. Nc3 {[%clk 0:41:57]} a4 {[%clk 0:34:31]} 21. Bc2
{[%clk 0:41:57]} Qa6 {[%clk 0:18:03]} 22. e5 {[%clk 0:23:26]} Qxc4
{[%clk 0:16:25]} 23. Qxc4 {[%clk 0:23:02]} Rxc4 {[%clk 0:16:45]} 24. exd6
{[%clk 0:21:44]} Bf6 {[%clk 0:17:03]} 25. Ne4 {[%clk 0:20:20]} O-O
{[%clk 0:14:04]} 26. Nxf6+ {[%clk 0:16:43]} gxf6 {[%clk 0:14:32]} 27. Re4
{[%clk 0:16:21]} Rxe4 {[%clk 0:14:25]} 28. Bxe4 {[%clk 0:16:45]} Rb8
{[%clk 0:14:49]} 29. a3 {[%clk 0:15:07]} Rb3 {[%clk 0:14:05]} 30. Rd3
{[%clk 0:11:34]} Rb6 {[%clk 0:14:29]} 31. Kc2 {[%clk 0:10:10]} Kf8
{[%clk 0:14:50]} 32. f5 {[%clk 0:05:31]} Kg7 {[%clk 0:10:47]} 33. Rd2
{[%clk 0:04:09]} h5 {[%clk 0:05:13]} 34. fxe6 {[%clk 0:02:36]} fxe6
{[%clk 0:05:26]} 35. gxh5 {[%clk 0:02:03]} f5 {[%clk 0:05:19]} 36. Bf3
{[%clk 0:00:53]} Kh6 {[%clk 0:03:24]} 37. Bd1 {[%clk 0:00:35]} e5
{[%clk 0:03:24]} 38. Kc3 {[%clk 0:00:43]} e4 {[%clk 0:03:03]} 39. Bxa4
{[%clk 0:00:33]} e3 {[%clk 0:01:53]} 40. Rd5 {[%clk 0:30:39]} Bxa4
{[%clk 0:32:16]} 41. Rxf5 {[%clk 0:24:03]} Rb3+ {[%clk 0:26:03]} 42. Kc4
{[%clk 0:19:16]} e2 {[%clk 0:26:17]} 43. Re5 {[%clk 0:13:27]} Rxb2
{[%clk 0:26:31]} 44. Re6+ {[%clk 0:13:11]} Kxh5 {[%clk 0:26:34]} 45. Kxc5
{[%clk 0:09:34]} Kg4 {[%clk 0:23:13]} 46. Kd4 {[%clk 0:07:01]} Bb5
{[%clk 0:17:27]} 47. Kc3 {[%clk 0:02:53]} Rb1 {[%clk 0:14:01]} 48. d7
{[%clk 0:02:22]} Rd1 {[%clk 0:13:58]} 49. Kb4 {[%clk 0:02:33]} Ba6
{[%clk 0:02:41]} 50. Ka5 {[%clk 0:00:38]} Kf5 {[%clk 0:03:03]} 51. Re8
{[%clk 0:00:43]} Rxd7 {[%clk 0:03:18]} 52. Re3 {[%clk 0:00:32]} Bd3
{[%clk 0:03:34]} 0-1

[Event "World Chess Olympiad 2018"]
[Site "Batumi"]
[Date "2018.09.30"]
[Round "6"]
[Board "1"]
[WhiteFideId "13800574"]
[White "Tologontegin Semetey"]
[BlackFideId "8700281"]
[Black "Kayonde Andrew"]
[Result "0-1"]
[LiveChessVersion "1.4.8"]
[BlackElo "2393"]
[WhiteElo "2419"]

1. e4 {[%clk 1:30:57]} c6 {[%clk 1:30:25]} 2. d4 {[%clk 1:31:15]} d5
{[%clk 1:30:48]} 3. e5 {[%clk 1:31:22]} Bf5 {[%clk 1:31:09]} 4. Nf3
{[%clk 1:31:24]} e6 {[%clk 1:31:31]} 5. Be2 {[%clk 1:31:22]} Ne7 {[%clk 1:31:47]}
6. O-O {[%clk 1:31:26]} c5 {[%clk 1:30:52]} 7. Be3 {[%clk 1:11:29]} cxd4
{[%clk 1:29:13]} 8. Nxd4 {[%clk 1:10:42]} Nbc6 {[%clk 1:29:17]} 9. g4
{[%clk 0:45:15]} Bg6 {[%clk 1:23:33]} 10. f4 {[%clk 0:38:51]} Nxd4
{[%clk 1:22:51]} 11. Qxd4 {[%clk 0:32:02]} a6 {[%clk 1:22:44]} 12. Qd1
{[%clk 0:11:20]} Rc8 {[%clk 1:22:24]} 13. Nc3 {[%clk 0:03:52]} h5
{[%clk 1:19:14]} 14. gxh5 {[%clk 0:04:02]} Bf5 {[%clk 1:19:32]} 15. Rc1
{[%clk 0:03:39]} g6 {[%clk 1:19:46]} 16. Bf3 {[%clk 0:03:02]} gxh5
{[%clk 1:19:41]} 17. Ne2 {[%clk 0:03:20]} Bh3 {[%clk 1:19:50]} 18. Re1
{[%clk 0:01:29]} Nf5 {[%clk 1:19:46]} 19. Bf2 {[%clk 0:01:37]} Nh4
{[%clk 1:17:44]} 20. Bh1 {[%clk 0:01:21]} Rg8+ {[%clk 1:17:30]} 21. Ng3
{[%clk 0:01:50]} Rc4 {[%clk 1:15:17]} 22. Be3 {[%clk 0:00:36]} Nf5
{[%clk 1:12:54]} 23. Qxh5 {[%clk 0:00:43]} Bg4 {[%clk 1:13:12]} 24. Qh7
{[%clk 0:01:09]} Rg7 {[%clk 1:13:31]} 25. Qh8 {[%clk 0:01:36]} Nxe3
{[%clk 1:09:19]} 26. Rxe3 {[%clk 0:02:03]} Qb6 {[%clk 1:09:34]} 27. Rce1
{[%clk 0:02:03]} Rxc2 {[%clk 1:08:54]} 28. Bg2 {[%clk 0:01:42]} Qxb2
{[%clk 1:08:36]} 29. Bf3 {[%clk 0:00:38]} Rc1 {[%clk 1:02:27]} 30. Kf1
{[%clk 0:00:32]} Qd2 {[%clk 1:02:23]} 31. Rxc1 {[%clk 0:00:48]} Qxc1+
{[%clk 1:02:46]} 32. Kf2 {[%clk 0:01:04]} Bxf3 {[%clk 0:59:43]} 33. Kxf3
{[%clk 0:00:58]} Qd1+ {[%clk 0:59:54]} 34. Kf2 {[%clk 0:00:38]} d4
{[%clk 1:00:02]} 35. Rb3 {[%clk 0:00:39]} Qc2+ {[%clk 1:00:22]} 36. Kf1
{[%clk 0:00:42]} Rh7 {[%clk 1:00:39]} 37. Qg8 {[%clk 0:00:32]} Rxh2
{[%clk 1:00:53]} 0-1